|
|
|
|
| LEADER |
01128nam a2200289 a 4500 |
| 001 |
7011 |
| 003 |
BD-DhAAL |
| 005 |
20150210113459.0 |
| 008 |
150210s1999 cou b 001 0 eng |
| 010 |
|
|
|a 99021481
|
| 020 |
|
|
|a 1555878458 (hc. : alk. paper)
|
| 040 |
|
|
|a DLC
|c DLC
|d DLC
|d BD-DhAAL
|
| 050 |
0 |
0 |
|a JZ1251
|b .E35 1999
|
| 082 |
0 |
0 |
|a 327.1/01
|2 21
|
| 100 |
1 |
|
|a Edkins, Jenny.
|9 8223
|
| 245 |
1 |
0 |
|a Poststructuralism & international relations :
|b bringing the political back in /
|c Jenny Edkins.
|
| 246 |
1 |
4 |
|a Poststructuralism and international relations
|
| 260 |
|
|
|a Boulder, Colo. :
|b Lynne Rienner Publishers,
|c 1999.
|
| 300 |
|
|
|a xii, 163 p. ;
|c 24 cm.
|
| 490 |
|
|
|a Critical perspectives on world politics
|
| 504 |
|
|
|a Includes bibliographical references (p. 147-153) and index.
|
| 541 |
|
|
|e 7011
|
| 650 |
|
0 |
|a International relations.
|9 8224
|
| 650 |
|
0 |
|a International relations
|x Philosophy.
|9 8225
|
| 942 |
|
|
|2 ddc
|c BK
|
| 999 |
|
|
|c 33648
|d 33648
|
| 952 |
|
|
|0 0
|1 0
|2 ddc
|4 0
|6 327_101000000000000_EDK
|7 0
|9 52548
|a SCL
|b SCL
|c GEN
|d 2015-02-10
|e Gift: The Asia Foundation
|l 0
|o 327.101 EDK
|p 3020007011
|r 2015-02-10
|t 1
|w 2015-02-10
|y BK
|